Central Library OPAC University of Rajshahi

ওজারতির দুই বছর / (Record no. 38747)

MARC details
000 -LEADER
fixed length control field 01082nam a2200241 a 4500
001 - CONTROL NUMBER
control field 38747
003 - CONTROL NUMBER IDENTIFIER
rucl marc code BD-RjUL
005 - DATE AND TIME OF LATEST TRANSACTION
control field 20211209052842.0
008 - FIXED-LENGTH DATA ELEMENTS--GENERAL INFORMATION
fixed length control field 160217s1972 bg ||||| |||| 00| 0 ben d
035 ## - SYSTEM CONTROL NUMBER
System control number (BD-RjUL)38856
040 ## - CATALOGING SOURCE
Original cataloging agency BD-RjUL
Language of cataloging ben
Transcribing agency BD-RjUL
041 ## - LANGUAGE CODE
Language code of text/sound track or separate title ben
082 ## - DEWEY DECIMAL CLASSIFICATION NUMBER
Classification number 954.9204
Author mark and year KHO 1972
100 ## - MAIN ENTRY--PERSONAL NAME
Personal name খান, আতাউর রহমান
9 (RLIN) 119519
245 ## - TITLE STATEMENT
Title ওজারতির দুই বছর /
Statement of responsibility, etc. আতাউর রহমান খান
260 ## - PUBLICATION, DISTRIBUTION, ETC. (IMPRINT)
Place of publication, distribution, etc. ঢাকা :
Name of publisher, distributor, etc. নওরোজ কিতাবিস্তান,
Date of publication, distribution, etc. ১৯৭২
300 ## - PHYSICAL DESCRIPTION
Pagination ৩৩৪ পৃ. ;
Size ২২ সেমি.
651 ## - SUBJECT ADDED ENTRY--GEOGRAPHIC NAME
Geographic name বাংলাদেশ
General subdivision রাজনীতি এবং সরকার।
Geographic subdivision ১৯৫৬-১৯৫৮ খ্রিষ্টাব্দ
9 (RLIN) 248622
Geographic name Bangladesh
General subdivision Politics and government.
Chronological subdivision 1956-1958 A. D.
9 (RLIN) 248623
Geographic name বাংলাদেশ
General subdivision ইতিহাস
Chronological subdivision ১৯৫৬-১৯৫৮ খ্রিষ্টাব্দ
9 (RLIN) 248624
Geographic name Bangladesh
General subdivision History
Chronological subdivision 1956-1958 A. D.
9 (RLIN) 248625
942 ## - ADDED ENTRY ELEMENTS (KOHA)
Source of classification or shelving scheme Dewey Decimal Classification
Koha item type Books
Holdings
Lost status Source of classification or shelving scheme Damaged status Not for loan Collection code Permanent Location Current Location Shelving location Date acquired Source of acquisition Cost, normal purchase price Total Checkouts Full call number Date last seen Date checked out Copy number Koha item type
  Dewey Decimal Classification     Non-fiction Central Library, University of Rajshahi Central Library, University of Rajshahi   25/08/1973 Dacca, Nawroze Kitabistan 10.00 2 B 954.9204 KHO 1972 19/02/2020 05/02/2020 C-2 Books
  Dewey Decimal Classification   Not For Loan Non-fiction Central Library, University of Rajshahi Central Library, University of Rajshahi Reading Room 05/09/1973 Dacca, Nawroze Kitabistan 12.00   B 954.9204 KHO 1972 28/09/2021   C-1 Books
  Dewey Decimal Classification     Non-fiction Central Library, University of Rajshahi Central Library, University of Rajshahi   30/11/1974 Dacca, Nawroze Kitabistan 12.00   B 954.9204 KHO 1972 28/09/2021   C-3 Books